Normal view
MARC view
Entry Personal Name
001 - CONTROL NUMBER
- control field: 30747
003 - CONTROL NUMBER IDENTIFIER
- control field: dpl
005 - DATE AND TIME OF LATEST TRANSACTION
- control field: 20110802104524.0
008 - FIXED-LENGTH DATA ELEMENTS
- fixed length control field: 110802|||a|||||| | ||| d
040 ## - CATALOGING SOURCE
- Original cataloging agency: dpl
- Transcribing agency: dpl
100 ## - HEADING--PERSONAL NAME
- Personal name: Aquil, Raziuddin
670 ## - SOURCE DATA FOUND
- Source citation: Work cat.: (dpl)35252: Sufism and society in medieval India/, 2010
670 ## - SOURCE DATA FOUND
- Source citation: Work cat.: (dpl)35252: Sufism and society in medieval India/, 2010
